000 00332nam a22001457a 4500
003 OSt
005 20231026045009.0
008 231026b |||||||| |||| 00| 0 eng d
040 _cIIMT UNIVERSITY
100 _a GOYANDKA, JAYDAYAL
245 _aVINAY
260 _aGORAKHPUR
_bGEETA PRESS
_c1960
300 _a591
942 _2ddc
_c09
999 _c57528
_d57528